01375nam a22002777a 4500003000900000008004100009040007100050082001700121110007600138245002200214260009200236300006400328440005800392505034800450650003600798650003400834650003100868650003700899650002300936650002300959650003400982650002601016650001701042650001801059650002001077AR-CdUCM190321b ||||| |||| 00| 0 spa d aMUNICIPALIDAD PROVINCIAL DEL CUSCOcBIBLIOTECA MUNICIPAL DEL CUSCO a985.008bC73 aComisión nacional del sesquicentenario de la independencia del Perú aLos ideólogos / aLima :bComisión nacional del sesquicentenario de la independencia del Perú,c1975. a11 tomos ;bfotografías.c25 cm.eCuadros genealógicos. aColección documental de la independencia del Perú aContenido: v.1: Juan Pablo Viscardo y Guzmán -- v.2: Toribio Rodriguez de Mendoza -- v.3: Jose Baquijano y Carrillo -- v.5: Plan de Perú y otros escritos -- v.6: Cartas Americanas -- v.7: Hipólito Unanue -- v.8: Hipólito Unanue -- v.9: Jose Faustino Sanchez Carrion -- v.10: Jose Faustino Sanchez Carrion -- v.11: Jose Maria de Pando. aJuan Pablo Viscardo y Guzmán. aToribio Rodriguez de Mendoza. aJose Baquijano y Carrillo. aPlan de Perú y otros escritos. aCartas Americanas. aHipólito Unanue. aJose Faustino Sanchez Carrion aJose Maria de Pando.. aIdeólogos. aRevolución. aEmancipación.